[Event "Madrid ch veteranos 2008-2009"]
[Site "Madrid ESP"]
[Date "2009.02.16"]
[Round "6.16"]
[White "Diaz Begonte, Manuel"]
[Black "Ramos Orea, Tomas"]
[Result "1-0"]
[WhiteElo "1761"]
[BlackElo "1786"]
[PlyCount "69"]
[EventDate "2009.02.09"]
[EventType "swiss"]
[EventRounds "9"]
[EventCountry "ESP"]
[Source "lmi"]
[SourceDate "2009.02.09"]

1. e4 Nc6 2. d4 e5 3. dxe5 Nxe5 4. Nf3 Nxf3+ 5. Qxf3 Nf6 6. Bc4 d6 7. Bg5 Be7
8. Nd2 O-O 9. O-O Be6 10. Bxe6 fxe6 11. Qb3 Qc8 12. Rad1 Kh8 13. Nf3 h6 14. Nh4
Qe8 15. Bxf6 Bxf6 16. Nf3 Rb8 17. Nd4 Bxd4 18. Rxd4 e5 19. Rc4 Qf7 20. Rb4 c6
21. Qxf7 Rxf7 22. c4 Kg8 23. Rd1 Rf6 24. a4 Kf8 25. a5 c5 26. Rb3 Ke7 27. Rg3
Rf7 28. Rg6 Rd8 29. Rd3 a6 30. Rb3 Rd7 31. Rb6 Kd8 32. Rbxd6 Kc7 33. Rd5 Rxd5
34. cxd5 Rd7 35. Re6 1-0

[Event "Madrid ch veteranos 2008-2009"]
[Site "Madrid ESP"]
[Date "2009.02.17"]
[Round "7.1"]
[White "Ciuro Munoz, Ricardo"]
[Black "Garcia Gutierrez, Jose"]
[Result "1-0"]
[WhiteElo "2071"]
[BlackElo "2060"]
[PlyCount "111"]
[EventDate "2009.02.09"]
[EventType "swiss"]
[EventRounds "9"]
[EventCountry "ESP"]
[Source "lmi"]
[SourceDate "2009.02.09"]

1. Nf3 d5 2. g3 Nf6 3. Bg2 g6 4. O-O Bg7 5. d3 O-O 6. Nbd2 c6 7. e4 dxe4 8.
dxe4 Bg4 9. h3 Bxf3 10. Qxf3 Nbd7 11. Nc4 Qc7 12. Qe2 e5 13. b3 Nb6 14. Ne3
Rad8 15. Ng4 Nxg4 16. hxg4 Rd7 17. Be3 Rfd8 18. g5 Nc8 19. Bf3 b6 20. Kg2 Nd6
21. a4 Ne8 22. Rh1 f6 23. Qc4+ Rf7 24. Rad1 Nd6 25. Qe6 Qd7 26. Qxd7 Rdxd7 27.
gxf6 Bxf6 28. Bg4 Rd8 29. Be6 h5 30. f3 Kg7 31. Bxf7 Kxf7 32. Rd3 Ke6 33. Rhd1
Be7 34. a5 Rb8 35. Bg5 Bf8 36. axb6 axb6 37. Ra1 Nb5 38. Rd8 Bd6 39. Rxb8 Bxb8
40. Be3 Bc7 41. Ra6 Nd4 42. c3 Nxb3 43. Bxb6 Bd6 44. Be3 Kd7 45. Ra8 Ke7 46.
Rg8 Kf7 47. Rc8 c5 48. Rc6 Be7 49. Rb6 c4 50. Rc6 Na5 51. Ra6 Nb7 52. Ra7 Nd6
53. Bc5 Ke6 54. Bxd6 Bxd6 55. Ra4 g5 56. Rxc4 1-0

[Event "Madrid ch veteranos 2008-2009"]
[Site "Madrid ESP"]
[Date "2009.02.17"]
[Round "7.2"]
[White "Fuentes Arjona, Antonio"]
[Black "Campos Calvo-Sotelo, Juan"]
[Result "1/2-1/2"]
[WhiteElo "2043"]
[BlackElo "2057"]
[PlyCount "137"]
[EventDate "2009.02.09"]
[EventType "swiss"]
[EventRounds "9"]
[EventCountry "ESP"]
[Source "lmi"]
[SourceDate "2009.02.09"]

1. e4 e6 2. d4 a6 3. c4 b5 4. cxb5 axb5 5. Bxb5 Bb7 6. Nc3 Bb4 7. Bd3 f5 8. Qe2
Nf6 9. Bg5 fxe4 10. Bxf6 exd3 11. Qh5+ g6 12. Qg5 Be7 13. Bxe7 Qxe7 14. Qxe7+
Kxe7 15. f3 Nc6 16. Kd2 Ba6 17. Nh3 Rhb8 18. Rab1 Rb4 19. d5 Na5 20. b3 Kd6 21.
dxe6 dxe6 22. Ne4+ Ke7 23. Rhc1 c6 24. Nc5 Nb7 25. Nxa6 Rxa6 26. Rb2 Nd6 27.
Kxd3 Kf6 28. Nf2 h5 29. Rc5 Nb7 30. Rc4 Rb5 31. Rbc2 Nd8 32. Ne4+ Ke7 33. h4
Rba5 34. Nc5 Ra7 35. a4 Nb7 36. Ne4 Nd8 37. Rc5 R5a6 38. g4 hxg4 39. fxg4 Rb6
40. Nd2 Rb4 41. R2c4 Rd7+ 42. Kc3 Rb8 43. Rg5 Kf7 44. Rf4+ Kg7 45. h5 Nf7 46.
Rxg6+ Kh7 47. Rxe6 Ng5 48. Rxc6 Rbd8 49. Nc4 Rd3+ 50. Kb4 Nf3 51. Rf7+ Kg8 52.
Rb7 Nd4 53. Kc5 Nxc6 54. Kxc6 Rc8+ 55. Rc7 Rcd8 56. a5 Rxb3 57. a6 Rc3 58. Kc5
Rc1 59. a7 Ra1 60. Nb6 Rc1+ 61. Nc4 Ra1 62. g5 Ra8 63. Kb6 Rb1+ 64. Kc6 Ra1 65.
Nb6 R8xa7 66. Rxa7 Rxa7 67. Kd6 Kg7 68. Nd7 Ra6+ 69. Kd5 1/2-1/2

[Event "Madrid ch veteranos 2008-2009"]
[Site "Madrid ESP"]
[Date "2009.02.17"]
[Round "7.3"]
[White "Perez Cameselle, Francisco"]
[Black "Estrada Martinez, Cesar"]
[Result "0-1"]
[WhiteElo "1996"]
[BlackElo "2238"]
[PlyCount "54"]
[EventDate "2009.02.09"]
[EventType "swiss"]
[EventRounds "9"]
[EventCountry "ESP"]
[Source "lmi"]
[SourceDate "2009.02.09"]

1. Nf3 d5 2. g3 c5 3. Bg2 Nc6 4. O-O e5 5. d3 Nf6 6. Nbd2 Bf5 7. Re1 Be7 8. e3
e4 9. dxe4 dxe4 10. Nh4 Bg4 11. f3 exf3 12. Bxf3 Bxf3 13. Qxf3 O-O 14. Nf5 Re8
15. Nxe7+ Qxe7 16. c3 Ne5 17. Qe2 Rad8 18. Nf3 Ne4 19. Nxe5 Qxe5 20. a4 Rd6 21.
Rf1 Red8 22. Qf3 Rf6 23. Qe2 Rxf1+ 24. Qxf1 Nxg3 25. hxg3 Qxg3+ 26. Kh1 Rd5 27.
Qe2 Qh3+ 0-1

[Event "Madrid ch veteranos 2008-2009"]
[Site "Madrid ESP"]
[Date "2009.02.17"]
[Round "7.4"]
[White "Garcia Esteban, Ignacio"]
[Black "Lastras Hernandez, Tomas"]
[Result "0-1"]
[WhiteElo "2072"]
[BlackElo "1936"]
[PlyCount "128"]
[EventDate "2009.02.09"]
[EventType "swiss"]
[EventRounds "9"]
[EventCountry "ESP"]
[Source "lmi"]
[SourceDate "2009.02.09"]

1. e4 e5 2. Nf3 Nc6 3. Bb5 a6 4. Ba4 Nf6 5. O-O Be7 6. Re1 b5 7. Bb3 O-O 8. c3
d6 9. h3 Na5 10. Bc2 c5 11. d4 Qc7 12. d5 h6 13. Nbd2 c4 14. Nf1 Bd7 15. Ng3
Nb7 16. Be3 Nc5 17. Qd2 Kh7 18. Rad1 Rg8 19. Nxe5 dxe5 20. d6 Bxd6 21. Qxd6
Qxd6 22. Rxd6 Nb7 23. Rb6 Nd8 24. Rd1 Ne6 25. Nh5 Bc8 26. Nxf6+ gxf6 27. Kh2
Kg7 28. g3 Rd8 29. Rxd8 Nxd8 30. f4 exf4 31. Bxf4 Ne6 32. Be3 Ng5 33. g4 Nf3+
34. Kg3 Ne5 35. Bd4 Be6 36. b4 Nd7 37. Rb7 a5 38. bxa5 Rxa5 39. Ra7 Rxa7 40.
Bxa7 Ne5 41. Be3 Bd7 42. a3 Bc6 43. h4 Bd7 44. g5 fxg5 45. hxg5 hxg5 46. Bxg5
f6 47. Be3 Kg6 48. Kf4 Bh3 49. Bd4 Nd7 50. e5+ Kf7 51. exf6 Nxf6 52. Ke5 Ke7
53. Bc5+ Kf7 54. Kd6 Bf1 55. Bf5 Bd3 56. Be6+ Kg6 57. Bd4 Bc2 58. Kc5 Ba4 59.
Bxf6 Kxf6 60. Bd7 b4 61. Bxa4 bxa3 62. Kxc4 a2 63. Kb4 a1=Q 64. c4 Ke5 0-1

[Event "Madrid ch veteranos 2008-2009"]
[Site "Madrid ESP"]
[Date "2009.02.17"]
[Round "7.5"]
[White "Gabriel y Galan Acevedo, Jesus"]
[Black "Olano Lanchas, Dionisio"]
[Result "1-0"]
[WhiteElo "1994"]
[BlackElo "1838"]
[PlyCount "57"]
[EventDate "2009.02.09"]
[EventType "swiss"]
[EventRounds "9"]
[EventCountry "ESP"]
[Source "lmi"]
[SourceDate "2009.02.09"]

1. e4 e5 2. Nf3 d6 3. d4 exd4 4. Nxd4 g6 5. Bc4 Nd7 6. Nc3 Bg7 7. O-O Ne5 8.
Bb3 c6 9. h3 Qb6 10. Be3 Qc7 11. f4 Nd7 12. f5 Nc5 13. fxg6 f6 14. Bf7+ Kd8 15.
Nf5 Bxf5 16. exf5 Ne7 17. Bxc5 d5 18. Ne2 b6 19. Nf4 Kc8 20. Ne6 Qd7 21. Bxe7
Qxe7 22. Nxg7 Kb7 23. Re1 Qc5+ 24. Kh1 hxg6 25. fxg6 Qf2 26. Qf3 Qxf3 27. gxf3
Rxh3+ 28. Kg2 Rh4 29. Re8 1-0

[Event "Madrid ch veteranos 2008-2009"]
[Site "Madrid ESP"]
[Date "2009.02.17"]
[Round "7.6"]
[White "Pardinas Riano, Emilio"]
[Black "Lopez Heras, Arturo"]
[Result "0-1"]
[WhiteElo "1866"]
[BlackElo "1943"]
[PlyCount "46"]
[EventDate "2009.02.09"]
[EventType "swiss"]
[EventRounds "9"]
[EventCountry "ESP"]
[Source "lmi"]
[SourceDate "2009.02.09"]

1. e4 e5 2. Nf3 Nc6 3. Bc4 Bc5 4. O-O Nf6 5. Nc3 O-O 6. a3 d6 7. h3 a6 8. d3 h6
9. b4 Bb6 10. Nd5 Nxd5 11. Bxd5 Ne7 12. Bb3 Ng6 13. Bd2 Be6 14. c3 Bxb3 15.
Qxb3 Qf6 16. Rad1 Nf4 17. Bxf4 Qxf4 18. Qc2 f5 19. Rde1 g5 20. Qe2 g4 21. Nd2
gxh3 22. g3 Qxg3+ 23. Kh1 Qg2# 0-1

[Event "Madrid ch veteranos 2008-2009"]
[Site "Madrid ESP"]
[Date "2009.02.17"]
[Round "7.7"]
[White "Rodriguez Bachiller, Luis"]
[Black "Leniz Martinez, Francisco"]
[Result "1-0"]
[WhiteElo "1888"]
[BlackElo "1847"]
[PlyCount "51"]
[EventDate "2009.02.09"]
[EventType "swiss"]
[EventRounds "9"]
[EventCountry "ESP"]
[Source "lmi"]
[SourceDate "2009.02.09"]

1. e4 c5 2. Nf3 e6 3. Bc4 Nc6 4. d4 cxd4 5. Nxd4 Nxd4 6. Qxd4 Qc7 7. O-O Ne7 8.
Bd3 Nc6 9. Qc3 Qa5 10. Qxa5 Nxa5 11. Bd2 Nc6 12. a3 Be7 13. Nc3 O-O 14. Rad1 a6
15. Rfe1 d6 16. Bf4 b5 17. Na2 Bb7 18. c4 bxc4 19. Bxc4 Na5 20. Bf1 d5 21. b4
Bc6 22. bxa5 Bxa3 23. Re3 Bb2 24. exd5 Bxd5 25. Nb4 Rfd8 26. Red3 1-0

[Event "Madrid ch veteranos 2008-2009"]
[Site "Madrid ESP"]
[Date "2009.02.17"]
[Round "7.8"]
[White "Corredor Gonzalez, Angel L"]
[Black "Gonzalo Gonzalez, Francisco"]
[Result "0-1"]
[WhiteElo "1800"]
[BlackElo "1853"]
[PlyCount "84"]
[EventDate "2009.02.09"]
[EventType "swiss"]
[EventRounds "9"]
[EventCountry "ESP"]
[Source "lmi"]
[SourceDate "2009.02.09"]

1. e4 c5 2. Nf3 Nc6 3. d4 cxd4 4. Nxd4 d6 5. Nc3 g6 6. Bc4 Nf6 7. Be3 Bg7 8.
Qd2 Bd7 9. Nf3 Ng4 10. Bg5 h6 11. Bf4 g5 12. Bg3 Nge5 13. Nxe5 Nxe5 14. Bb3 Qa5
15. f4 gxf4 16. Bxf4 Nc6 17. Rf1 Bxc3 18. bxc3 Be6 19. Bd5 Bxd5 20. exd5 Ne5
21. Qd4 f6 22. Bd2 O-O-O 23. a4 Kb8 24. Be3 Rc8 25. Rb1 Rc4 26. Qd2 Rxa4 27.
Bd4 Ra1 28. Kf2 Ra2 29. Rb4 Rc8 30. Rfb1 b6 31. Kg1 Kb7 32. Qf2 Ra1 33. Qf1
Rxb1 34. Rxb1 Qxd5 35. Ra1 Qc4 36. Qf5 Rc7 37. Qe4+ Qc6 38. Qe2 Qc4 39. Qe4+ d5
40. Qf5 Nc6 41. Qf4 Nxd4 42. cxd4 Qxc2 0-1

[Event "Madrid ch veteranos 2008-2009"]
[Site "Madrid ESP"]
[Date "2009.02.17"]
[Round "7.9"]
[White "Gonzalez Cespedes, Manuel"]
[Black "Rodriguez Perez, Rene"]
[Result "0-1"]
[WhiteElo "1836"]
[BlackElo "2067"]
[PlyCount "56"]
[EventDate "2009.02.09"]
[EventType "swiss"]
[EventRounds "9"]
[EventCountry "ESP"]
[Source "lmi"]
[SourceDate "2009.02.09"]

1. d4 d5 2. c4 c6 3. cxd5 cxd5 4. Nc3 Nf6 5. Bf4 a6 6. a3 e6 7. Nf3 Nc6 8. e3
Be7 9. h3 O-O 10. Bd3 Bd7 11. O-O Rc8 12. b4 Nxb4 13. axb4 Rxc3 14. Rb1 Rxd3
15. Qxd3 Bb5 16. Qb3 Bxf1 17. Kxf1 Qb6 18. Nd2 Rc8 19. f3 Qb5+ 20. Ke1 Nd7 21.
e4 Nb6 22. Qb2 Nc4 23. Nxc4 Rxc4 24. Bd2 dxe4 25. fxe4 Qc6 26. Rc1 Qxe4+ 27.
Kf1 Qd3+ 28. Ke1 Bh4+ 0-1

[Event "Madrid ch veteranos 2008-2009"]
[Site "Madrid ESP"]
[Date "2009.02.17"]
[Round "7.10"]
[White "Garcia Lopez, Pedro"]
[Black "Fernandez Garcia, Ignacio"]
[Result "0-1"]
[WhiteElo "1854"]
[BlackElo "1973"]
[PlyCount "60"]
[EventDate "2009.02.09"]
[EventType "swiss"]
[EventRounds "9"]
[EventCountry "ESP"]
[Source "lmi"]
[SourceDate "2009.02.09"]

1. d4 g6 2. e4 Bg7 3. Nf3 d6 4. h3 Nf6 5. Bd3 Nc6 6. c3 d5 7. e5 Ne4 8. Bxe4
dxe4 9. Ng5 Qd5 10. Qe2 Bf5 11. g4 f6 12. gxf5 fxg5 13. fxg6 O-O-O 14. Bxg5
Bxe5 15. dxe5 Nxe5 16. Be3 Nf3+ 17. Kf1 hxg6 18. Na3 g5 19. Qb5 Qe6 20. Qc5
Rxh3 21. Rxh3 Qxh3+ 22. Ke2 Ng1+ 23. Ke1 Nf3+ 24. Ke2 Qg4 25. Rc1 Nh2+ 26. Ke1
Nf3+ 27. Kf1 Rh8 28. Qxa7 Rh1+ 29. Ke2 Nd4+ 30. Kd2 Qe2# 0-1

[Event "Madrid ch veteranos 2008-2009"]
[Site "Madrid ESP"]
[Date "2009.02.17"]
[Round "7.11"]
[White "Pardo Robles, Jose Manuel"]
[Black "Ortega Morales, Pedro"]
[Result "0-1"]
[WhiteElo "1946"]
[BlackElo "1892"]
[PlyCount "54"]
[EventDate "2009.02.09"]
[EventType "swiss"]
[EventRounds "9"]
[EventCountry "ESP"]
[Source "lmi"]
[SourceDate "2009.02.09"]

1. d4 Nf6 2. c4 c5 3. Nf3 e6 4. g3 b6 5. Bg2 Bb7 6. O-O cxd4 7. Nxd4 Bxg2 8.
Kxg2 Nc6 9. Bf4 Nxd4 10. Qxd4 Bc5 11. Qd2 O-O 12. Nc3 d5 13. cxd5 exd5 14. Bg5
d4 15. Bxf6 Qxf6 16. Ne4 Qc6 17. f3 Rad8 18. b4 Be7 19. Nf2 h6 20. Kg1 Rfe8 21.
Nd3 Bf6 22. a4 Re3 23. b5 Qc3 24. Qxc3 dxc3 25. Kf2 Rde8 26. Ra2 Bd4 27. Ke1
Rxd3 0-1

[Event "Madrid ch veteranos 2008-2009"]
[Site "Madrid ESP"]
[Date "2009.02.17"]
[Round "7.13"]
[White "Beekhof Harmsen, Willen"]
[Black "Diaz Begonte, Manuel"]
[Result "0-1"]
[WhiteElo "1942"]
[BlackElo "1761"]
[PlyCount "32"]
[EventDate "2009.02.09"]
[EventType "swiss"]
[EventRounds "9"]
[EventCountry "ESP"]
[Source "lmi"]
[SourceDate "2009.02.09"]

1. d4 d5 2. Nf3 Nf6 3. e3 Bf5 4. c4 e6 5. Nc3 c6 6. cxd5 exd5 7. Be2 Bd6 8. Nh4
Be6 9. Bd3 Ne4 10. Nf3 Ng5 11. h4 Nxf3+ 12. Qxf3 h5 13. Qe2 Bg4 14. f3 Bg3+ 15.
Kd1 Be6 16. f4 Bg4 0-1

[Event "Madrid ch veteranos 2008-2009"]
[Site "Madrid ESP"]
[Date "2009.02.17"]
[Round "7.14"]
[White "Alvarez Escudero, Manuel"]
[Black "Vicario Ramirez, Celestino"]
[Result "1-0"]
[WhiteElo "1935"]
[BlackElo "1607"]
[PlyCount "29"]
[EventDate "2009.02.09"]
[EventType "swiss"]
[EventRounds "9"]
[EventCountry "ESP"]
[Source "lmi"]
[SourceDate "2009.02.09"]

1. e4 g6 2. d4 Bg7 3. Nf3 d6 4. Bc4 a6 5. a3 b5 6. Ba2 Bg4 7. h3 Be6 8. Bxe6
fxe6 9. O-O Nf6 10. e5 Nd5 11. Ng5 Qd7 12. Qf3 Rf8 13. Qg4 Rf5 14. Nxh7 Nc6 15.
Qxg6+ 1-0

[Event "Madrid ch veteranos 2008-2009"]
[Site "Madrid ESP"]
[Date "2009.02.17"]
[Round "7.16"]
[White "Martinez Miura, Enrique"]
[Black "Hernandez Del Can, Jose"]
[Result "1/2-1/2"]
[WhiteElo "1735"]
[BlackElo "1848"]
[PlyCount "55"]
[EventDate "2009.02.09"]
[EventType "swiss"]
[EventRounds "9"]
[EventCountry "ESP"]
[Source "lmi"]
[SourceDate "2009.02.09"]

1. e4 c5 2. c4 d6 3. Nc3 Nf6 4. g3 g6 5. Bg2 Nc6 6. Nge2 Bg7 7. O-O O-O 8. d3
Bg4 9. f3 Bd7 10. Be3 a6 11. Qd2 Re8 12. Rab1 b5 13. cxb5 axb5 14. Nxb5 Rxa2
15. Na3 Qa8 16. Nc3 Rxa3 17. bxa3 Qxa3 18. Ra1 Qb3 19. Rfb1 Qe6 20. Nb5 Rc8 21.
Na7 Re8 22. Nxc6 Bxc6 23. Ra6 Qc8 24. Rab6 Nd7 25. R6b3 Qa8 26. Bh6 Bd4+ 27.
Be3 Bg7 28. Bh6 1/2-1/2

[Event "Madrid ch veteranos 2008-2009"]
[Site "Madrid ESP"]
[Date "2009.02.17"]
[Round "7.17"]
[White "Ramos Orea, Tomas"]
[Black "Rodriguez Lopez-Cañizares, Francisco"]
[Result "1-0"]
[WhiteElo "1786"]
[BlackElo "1693"]
[PlyCount "83"]
[EventDate "2009.02.09"]
[EventType "swiss"]
[EventRounds "9"]
[EventCountry "ESP"]
[Source "lmi"]
[SourceDate "2009.02.09"]

1. e4 Nf6 2. Nc3 d5 3. e5 Nfd7 4. Nf3 e6 5. d4 c5 6. Bb5 a6 7. Bxd7+ Bxd7 8.
O-O Nc6 9. Re1 Qb6 10. Na4 Qa7 11. Nxc5 Bxc5 12. dxc5 Qxc5 13. c3 Ne7 14. Nd4
Qc7 15. Qg4 Ng6 16. f4 O-O-O 17. a4 Rde8 18. Bd2 f6 19. Qg3 fxe5 20. fxe5 Re7
21. b4 Kb8 22. h4 h5 23. Qxg6 Rh6 24. Bxh6 gxh6 25. Qd3 Be8 26. b5 a5 27. Rac1
Qc5 28. c4 Bg6 29. Qc3 Rc7 30. Kh2 Qe7 31. Qg3 Be4 32. c5 Qh7 33. Qf4 Re7 34.
Nxe6 Rf7 35. Qg3 Qf5 36. Nd4 Qf2 37. Qxf2 Rxf2 38. Re2 Rf4 39. Ne6 Rxh4+ 40.
Kg1 Rg4 41. Rf2 Rg8 42. Rf8+ 1-0

[Event "Madrid ch veteranos 2008-2009"]
[Site "Madrid ESP"]
[Date "2009.02.18"]
[Round "8.1"]
[White "Estrada Martinez, Cesar"]
[Black "Ciuro Munoz, Ricardo"]
[Result "0-1"]
[WhiteElo "2238"]
[BlackElo "2071"]
[PlyCount "86"]
[EventDate "2009.02.09"]
[EventType "swiss"]
[EventRounds "9"]
[EventCountry "ESP"]
[Source "lmi"]
[SourceDate "2009.02.09"]

1. Nf3 d5 2. g3 Nf6 3. Bg2 e6 4. O-O Be7 5. c4 dxc4 6. Qa4+ Bd7 7. Qxc4 Bc6 8.
d4 O-O 9. Nc3 Nbd7 10. Qd3 h6 11. Re1 Nb6 12. e4 a6 13. Bf4 Rc8 14. Rad1 Na4
15. Qc2 Nxc3 16. bxc3 Qe8 17. Qb1 b5 18. Ne5 Ba8 19. c4 Nd7 20. cxb5 Nxe5 21.
Bxe5 axb5 22. d5 Bd6 23. Bc3 e5 24. Qb2 Rb8 25. f4 f6 26. fxe5 fxe5 27. Bb4 Qe7
28. a3 c5 29. dxc6 Bxb4 30. Qxb4 Qa7+ 31. Kh1 Bxc6 32. Qd6 Rbc8 33. Rf1 Rxf1+
34. Rxf1 Qb7 35. Qe6+ Kh8 36. Rf7 Bxe4 37. h4 Bxg2+ 38. Kh2 Qc6 39. Qxe5 Qg6
40. Rf2 Bc6 41. Qf4 Qe4 42. g4 Qxf4+ 43. Rxf4 Ra8 0-1

[Event "Madrid ch veteranos 2008-2009"]
[Site "Madrid ESP"]
[Date "2009.02.18"]
[Round "8.2"]
[White "Lopez Heras, Arturo"]
[Black "Garcia Gutierrez, Jose"]
[Result "0-1"]
[WhiteElo "1943"]
[BlackElo "2060"]
[PlyCount "64"]
[EventDate "2009.02.09"]
[EventType "swiss"]
[EventRounds "9"]
[EventCountry "ESP"]
[Source "lmi"]
[SourceDate "2009.02.09"]

1. e4 e6 2. d4 d5 3. e5 c5 4. c3 Nc6 5. Nf3 Qb6 6. a3 c4 7. Nbd2 Na5 8. Be2 Bd7
9. O-O Ne7 10. Rb1 Qc7 11. Re1 Nc8 12. Nf1 Nb3 13. Bg5 Be7 14. Bxe7 Nxe7 15.
N3d2 Na5 16. Ne3 O-O-O 17. b3 cxb3 18. c4 Kb8 19. cxd5 exd5 20. Qc1 Qb6 21.
Nxb3 Nxb3 22. Qc3 Ba4 23. Bd1 Rc8 24. Qd3 Nc1 25. Qd2 Qxb1 26. Bxa4 Qd3 27. Qb4
Qc3 28. Qd6+ Rc7 29. Rd1 Ne2+ 30. Kh1 Nf4 31. g3 Nd3 32. Kg2 Nb2 0-1

[Event "Madrid ch veteranos 2008-2009"]
[Site "Madrid ESP"]
[Date "2009.02.18"]
[Round "8.3"]
[White "Campos Calvo-Sotelo, Juan"]
[Black "Gabriel y Galan Acevedo, Jesus"]
[Result "1-0"]
[WhiteElo "2057"]
[BlackElo "1994"]
[PlyCount "53"]
[EventDate "2009.02.09"]
[EventType "swiss"]
[EventRounds "9"]
[EventCountry "ESP"]
[Source "lmi"]
[SourceDate "2009.02.09"]

1. e4 e5 2. Nf3 Nf6 3. Nxe5 d6 4. Nf3 Nxe4 5. d4 d5 6. Bd3 Be7 7. O-O O-O 8. c4
c6 9. cxd5 cxd5 10. h3 Nc6 11. Nc3 Bf5 12. Re1 Nxc3 13. bxc3 Bxd3 14. Qxd3 Na5
15. Rb1 b6 16. Bf4 Rc8 17. Ne5 Nc4 18. a4 Bd6 19. Rb5 Bxe5 20. Bxe5 Re8 21. Rd1
Qd7 22. Qf3 f6 23. Rxd5 Qxa4 24. Bxf6 Rf8 25. Rg5 Rc7 26. Re1 Qc6 27. Rxg7+ 1-0

[Event "Madrid ch veteranos 2008-2009"]
[Site "Madrid ESP"]
[Date "2009.02.18"]
[Round "8.4"]
[White "Lastras Hernandez, Tomas"]
[Black "Fuentes Arjona, Antonio"]
[Result "0-1"]
[WhiteElo "1936"]
[BlackElo "2043"]
[PlyCount "82"]
[EventDate "2009.02.09"]
[EventType "swiss"]
[EventRounds "9"]
[EventCountry "ESP"]
[Source "lmi"]
[SourceDate "2009.02.09"]

1. d4 d5 2. c4 c6 3. Nc3 Nf6 4. e3 g6 5. Nf3 Bg7 6. Be2 O-O 7. O-O a6 8. b3 b5
9. Bb2 Nbd7 10. Rc1 Bb7 11. Qc2 Rc8 12. e4 b4 13. Nd1 Nxe4 14. c5 Qc7 15. Nd2
Qf4 16. Nxe4 dxe4 17. g3 Qc7 18. Qxe4 Nf6 19. Qf3 Nd5 20. Ne3 Nxe3 21. fxe3 e5
22. Bc4 exd4 23. exd4 Rcd8 24. Rcd1 a5 25. Rd2 Bc8 26. Qe3 Bh3 27. Rff2 Qd7 28.
Qg5 Rde8 29. Rf3 Re4 30. Rf4 Re1+ 31. Kf2 Rb1 32. Kf3 Be6 33. Re4 h6 34. Qe3
Bd5 35. Bxd5 Qxd5 36. Ke2 Qh5+ 37. Kd3 Rf1 38. Kc2 Qf5 39. Re2 Re8 40. Qd3 Rxe4
41. Rxe4 Rf2+ 0-1

[Event "Madrid ch veteranos 2008-2009"]
[Site "Madrid ESP"]
[Date "2009.02.18"]
[Round "8.5"]
[White "Gonzalo Gonzalez, Francisco"]
[Black "Rodriguez Bachiller, Luis"]
[Result "0-1"]
[WhiteElo "1853"]
[BlackElo "1888"]
[PlyCount "110"]
[EventDate "2009.02.09"]
[EventType "swiss"]
[EventRounds "9"]
[EventCountry "ESP"]
[Source "lmi"]
[SourceDate "2009.02.09"]

1. e4 c6 2. Nc3 d5 3. exd5 cxd5 4. Bb5+ Bd7 5. Qe2 Nf6 6. Nf3 Bxb5 7. Qxb5+ Qd7
8. Ne5 Qxb5 9. Nxb5 Na6 10. d3 Nd7 11. Nxd7 Kxd7 12. O-O Nc7 13. a4 a6 14. Nc3
e5 15. Re1 Bd6 16. b3 Bb4 17. Bd2 f6 18. Re2 Bxc3 19. Bxc3 b5 20. Rae1 d4 21.
Bb2 Nd5 22. g3 bxa4 23. f4 exf4 24. gxf4 axb3 25. cxb3 Rhe8 26. Re4 Rxe4 27.
Rxe4 Rb8 28. Rxd4 Ke6 29. f5+ Kd6 30. Ba3+ Ke5 31. Ra4 Rxb3 32. d4+ Kxf5 33.
Rxa6 Ke4 34. Bc5 Kf3 35. Ra1 Rb2 36. Rf1+ Kg4 37. Re1 Nf4 38. Bd6 Re2 39. Rf1
Nh3+ 40. Kh1 f5 41. Bf8 g5 42. d5 Rd2 43. d6 Nf2+ 44. Kg1 Ne4 45. h3+ Kxh3 46.
Rxf5 Kg4 47. Rf7 Nxd6 48. Bxd6 Rxd6 49. Rxh7 Kg3 50. Kf1 g4 51. Rf7 Rd1+ 52.
Ke2 Rh1 53. Rf8 Kh3 54. Rh8+ Kg2 55. Rf8 g3 0-1

[Event "Madrid ch veteranos 2008-2009"]
[Site "Madrid ESP"]
[Date "2009.02.18"]
[Round "8.6"]
[White "Fernandez Garcia, Ignacio"]
[Black "Garcia Esteban, Ignacio"]
[Result "1/2-1/2"]
[WhiteElo "1973"]
[BlackElo "2072"]
[PlyCount "23"]
[EventDate "2009.02.09"]
[EventType "swiss"]
[EventRounds "9"]
[EventCountry "ESP"]
[Source "lmi"]
[SourceDate "2009.02.09"]

1. e4 c5 2. Nf3 Nc6 3. c3 g6 4. Be2 Bg7 5. O-O Nf6 6. d3 e5 7. c4 d6 8. h3 O-O
9. Nc3 Nd4 10. Nxd4 cxd4 11. Nd5 Nxd5 12. cxd5 1/2-1/2

[Event "Madrid ch veteranos 2008-2009"]
[Site "Madrid ESP"]
[Date "2009.02.18"]
[Round "8.7"]
[White "Rodriguez Perez, Rene"]
[Black "Pardinas Riano, Emilio"]
[Result "1-0"]
[WhiteElo "2067"]
[BlackElo "1866"]
[PlyCount "63"]
[EventDate "2009.02.09"]
[EventType "swiss"]
[EventRounds "9"]
[EventCountry "ESP"]
[Source "lmi"]
[SourceDate "2009.02.09"]

1. e4 c5 2. Nf3 d6 3. d4 cxd4 4. Qxd4 Nc6 5. Bb5 Bd7 6. Bxc6 Bxc6 7. c4 Nf6 8.
Nc3 e6 9. O-O Be7 10. Re1 O-O 11. b3 Qc7 12. Bb2 a6 13. Rac1 Rac8 14. Nd5 Qd8
15. Nxe7+ Qxe7 16. e5 dxe5 17. Nxe5 Rfd8 18. Nxc6 Rxc6 19. Qc3 Rc7 20. Qf3 Ne8
21. Rcd1 Rcd7 22. h3 Rd2 23. Rxd2 Rxd2 24. Qc3 Qd7 25. c5 Rd3 26. Qc1 Qc6 27.
b4 h6 28. Qf4 Rd8 29. Re3 Rd1+ 30. Kh2 Rd8 31. Rg3 h5 32. Bxg7 1-0

[Event "Madrid ch veteranos 2008-2009"]
[Site "Madrid ESP"]
[Date "2009.02.18"]
[Round "8.8"]
[White "Diaz Begonte, Manuel"]
[Black "Perez Cameselle, Francisco"]
[Result "0-1"]
[WhiteElo "1761"]
[BlackElo "1996"]
[PlyCount "64"]
[EventDate "2009.02.09"]
[EventType "swiss"]
[EventRounds "9"]
[EventCountry "ESP"]
[Source "lmi"]
[SourceDate "2009.02.09"]

1. e4 g6 2. d4 d6 3. Nc3 Bg7 4. Be3 Nf6 5. Be2 O-O 6. h4 h5 7. f3 e5 8. dxe5
dxe5 9. Bd3 c6 10. Nge2 Be6 11. Qd2 Qa5 12. a3 c5 13. Nd5 Qxd2+ 14. Kxd2 Nxd5
15. exd5 Bxd5 16. Bxc5 Rd8 17. Nc3 Bc4 18. Rad1 Bxd3 19. cxd3 f5 20. g4 Kf7 21.
gxh5 gxh5 22. Be3 Nc6 23. Ke2 Nd4+ 24. Bxd4 Rxd4 25. Nb5 Rf4 26. Rc1 a6 27.
Rc7+ Kf8 28. Nd6 e4 29. Rf7+ Kg8 30. Rg1 exf3+ 31. Kf2 Rg4 32. Rxf5 Bd4+ 0-1

[Event "Madrid ch veteranos 2008-2009"]
[Site "Madrid ESP"]
[Date "2009.02.18"]
[Round "8.9"]
[White "Ortega Morales, Pedro"]
[Black "Olano Lanchas, Dionisio"]
[Result "1-0"]
[WhiteElo "1892"]
[BlackElo "1838"]
[PlyCount "107"]
[EventDate "2009.02.09"]
[EventType "swiss"]
[EventRounds "9"]
[EventCountry "ESP"]
[Source "lmi"]
[SourceDate "2009.02.09"]

1. d4 d5 2. Bf4 e6 3. e3 c6 4. c3 f5 5. Nf3 Nf6 6. Bd3 Be7 7. Qc2 a6 8. a4 Nbd7
9. a5 O-O 10. Nbd2 Nh5 11. O-O Nxf4 12. exf4 Nf6 13. Ne5 Nh5 14. g3 Nf6 15.
Ndf3 Ne4 16. c4 Qd6 17. cxd5 exd5 18. Nd2 g6 19. f3 Nf6 20. Kh1 Nh5 21. Nb3 Qb4
22. Qc3 Qd6 23. Nc5 Rf6 24. b4 Kg7 25. Qd2 Rf8 26. Rae1 Qc7 27. Na4 Qd6 28. Nb6
Rb8 29. Rb1 Nf6 30. Na4 Bd8 31. Nc5 b6 32. Nxa6 Ra8 33. Qe2 bxa5 34. bxa5 Bxa5
35. Rfc1 Bxa6 36. Bxa6 c5 37. Bb7 Rab8 38. dxc5 Qc7 39. c6 d4 40. Qc4 Bc3 41.
Ba6 Ba5 42. Qxd4 Bb6 43. Qc3 Kh6 44. Rd1 Ba5 45. Qc4 Rxb1 46. Rxb1 Bb6 47. Rxb6
Qxb6 48. c7 Qb1+ 49. Kg2 Qb2+ 50. Kh3 Qd2 51. c8=Q Rxc8 52. Bxc8 Nd5 53. Be6
Ne3 54. Nf7+ 1-0